000 01227cam a22003611a 4500
001 30476
003 BD-RjUL
005 20211209051553.0
008 140410s1938 dcuacb by f001 0 eng
035 _a(BD-RjUL)30562
035 _a(OCoLC)615786
040 _aDLC
_cOKentU
_dDNAL
_dOCoLC
_dPGraM
_dMoSU-L
_dDLC
_dBD-RjUL
_beng
041 _aeng
070 0 _a1
_bAg84Y 1938
072 0 _aJ800
082 _a631.11
_bSOI 1938
110 2 _aUnited States. Department of Agriculture.
_925484
245 0 0 _aSoils and men :
_byearbook of Agriculture 1938 /
_cby United States. Department of Agriculture.
260 _aWashington D.C. :
_bU.S. Dept. of Agriculture,
_c1938.
300 _a1232 p. :
_bill., port., maps ;
_c24 cm.
490 1 _aYearbook of agriculture
_v1938
500 _aIncludes index.
500 _aFolded col. map attached to back cover.
504 _a"Literature cited": p. 1181-1207 and index.
650 0 _aSoils.
_992608
650 0 _aSoil conservation
_zUnited States.
_911089
650 0 _aSoils
_zUnited States.
_980809
830 0 _v1938.
_995155
830 0 _aYearbook of agriculture (Washington, D.C. : 1926) ;
_995156
942 _2ddc
_cBK
999 _c30476
_d30476